000 01447nam a2200361 a 4500
001 ebr10392770
003 CaPaEBR
006 m u
007 cr cn|||||||||
008 980810s1998 enka sb 001 0 eng
010 _z 98061329
020 _z0761960139
020 _z0761960147 (pbk.)
020 _z9780761960133
020 _z9780857026361 (e-book)
040 _aCaPaEBR
_cCaPaEBR
035 _a(OCoLC)648818994
050 1 4 _aHD30.2
_b.K633 1998eb
245 0 0 _aKnowing in firms
_h[electronic resource] :
_bunderstanding, managing and measuring knowledge /
_cedited by Georg von Krogh, Johan Roos and Dirk Kleine.
260 _aLondon :
_bSage,
_c1998.
300 _axiv, 290 p. :
_bill.
504 _aIncludes bibliographical references and index.
505 0 _apt. 1. Understanding knowledge in organizations -- pt. 2. Managing and measuring knowledge in organizations.
533 _aElectronic reproduction.
_bPalo Alto, Calif. :
_cebrary,
_d2013.
_nAvailable via World Wide Web.
_nAccess may be limited to ebrary affiliated libraries.
650 0 _aKnowledge management.
650 0 _aOrganizational learning.
655 7 _aElectronic books.
_2local
700 1 _aVon Krogh, George.
700 1 _aRoos, Johan.
700 1 _aKleine, Dirk.
710 2 _aebrary, Inc.
856 4 0 _uhttp://site.ebrary.com/lib/rucke/Doc?id=10392770
_zAn electronic book accessible through the World Wide Web; click to view
999 _c191161
_d191161